书目信息 |
| 题名: |
谍海忆旧
|
|
| 作者: | [德]维尔纳 著 | |
| 分册: | ||
| 出版信息: | 北京 解放军文艺出版社 2000.01 |
|
| 页数: | 289页 | |
| 开本: | 32开 | |
| 丛书名: | ||
| 单 册: | ||
| 中图分类: | I516.859 | |
| 科图分类: | ||
| 主题词: | 文学 | |
| 电子资源: | ||
| ISBN: | 7-5033-1101-0 | |
| 000 | 00533nam0 2200193 45 | |
| 001 | 0008171196 | |
| 005 | 20001111085329.3 | |
| 010 | @a7-5033-1101-0@d14.30元 | |
| 100 | @a20000817d2000 km y0chiy0120 ea | |
| 101 | 0 | @achi |
| 105 | @a z 000yy | |
| 200 | 1 | @a谍海忆旧@ADie Hai Yi Jiu@f[德]维尔纳著@F[De]Wei ErNa Zhu |
| 210 | @a北京@c解放军文艺出版社@d2000.01 | |
| 215 | @a289页@d32开 | |
| 606 | 0 | @a文学 |
| 690 | @aI516.859@v3 | |
| 701 | 0 | @a[德]维尔纳@4著 |
| 801 | @aCN@bPftUser@c20000817 | |
| 905 | @dI516.859@eW551@b403158-160@f3 | |
| 谍海忆旧/[德]维尔纳著.-北京:解放军文艺出版社,2000.01 |
| 289页;32开 |
| ISBN 7-5033-1101-0:14.30元 |
| ● |
| 相关链接 |
|
|
|
正题名:谍海忆旧
索取号:I516.859/W551
 
预约/预借
| 序号 | 登录号 | 条形码 | 馆藏地/架位号 | 状态 | 备注 |
| 1 | 403158 | 204031582 | 文学库116/116文学库 18排1列4层/ [索取号:I516.859/W551] | 在馆 | |
| 2 | 403159 | 204031591 | 文学库116/116文学库 18排1列4层/ [索取号:I516.859/W551] | 在馆 | |
| 3 | 403160 | 204031608 | 文学库116/116文学库 18排1列4层/ [索取号:I516.859/W551] | 在馆 |